Statistics for Guess the Naruto Characters

Click here to take the quiz!

General Stats

  • This quiz has been taken 6,213 times
    (6,206 since last reset)
  • The average score is 38 of 50

Answer Stats

CharacteristicsAnswer% Correct
Main Character/ Part of Team 7 (Obvious)Naruto
99%
The leader of Team 7Kakashi
98%
Naruto's FatherMinato
98%
Naruto has a crush on her/ Part of Team 7Sakura
98%
The person who killed the whole Uchiha Clan to protect the Leaf VillageItachi
97%
Naruto's long lost best friend/ Part of Team 7 / Leader of TakaSasuke
97%
The one who has a crush on Naruto/ Part of Team 8Hinata
93%
Another legendary Sannin who became the 5th HokageTsunade
93%
Only girl in Team 10Ino
92%
Can only use Taijutsu / Part of Team GuyLee
91%
Hates being called fat / Part of Team 10Choji
90%
The first person to accept Naruto also his Academy teacherIruka
90%
Naruto's MotherKushina
90%
Uses the byakugan / Part of Team GuyNeji
90%
Destroyed the whole Leaf VillageNagato
88%
The first in his class to become Chunin / Part of Team 10Shikamaru
88%
Weapons specialist / Part of Team GuyTenten
88%
Naruto's master, one of the legendary SanninJiraiya
86%
Has an amazing sense of smell / Part of Team 8Kiba
86%
Long range insect user / Part of Team 8Shino
85%
The leader of Team 10, son of the 3rd HokageAsuma
84%
Leader of Team GuyGuy
84%
The person behind the nine tail's attack and started the 4th great ninja warObito
82%
Used Obito and used the "infinite tsukuyomi"Madara
80%
The 3rd hokageSarutobi
79%
The Kazekage of the Sand Village / was the one tail's jinchuriki but isn't anymoreGaara
77%
Jinchuriki of the eight tails who taught Naruto how to control the nine tailsLord Bee
77%
Was killed by Sasuke / the person who inflicts the curse markOrochimaru
73%
The 5th Hokage's assistantShizune
73%
The sister of the KazekageTemari
72%
Helped with the 4th great ninja war and has some of Orochimaru inside himKabuto
71%
Leader of Team 8Kurenai
71%
Taka female member with medical ninjutsuKarin
70%
Puppet master / part of the AkatsukiSasori
67%
Was captured and used for the 4th great ninja war / uses wood styleYamato
67%
"Real art is an explosion" guy / part of the AkatsukiDeidara
66%
Nagato's other best friend / was part of the Akatsuki and uses paperKonan
66%
The brother of the KazekageKankuro
65%
Wields the sword Samehada and looks like a shark / part of the AkatsukiKisame
65%
One of the 7 legendary Swordsman of the Mist who was killed at the 'Great Naruto Bridge'Zabuza
65%
Can split into two, white and black / part of the AkatsukiZetsu
64%
He is immortal, can not be killed / part of the AkatsukiHidan
63%
Taka member that was the first to have the curse markJugo
61%
Taka member who uses water styleSuigetsu
59%
He has multiple hearts, which can split into different beings / part of the AkatsukiKakuzu
56%
Nagato's best friend and was the founder of the AkatsukiYahiko
56%
Was Orochimaru's Student, and was captured because she knew too much about the warAnko
54%
The father of ShikamaruShikaku
52%
The father of ChojiChoza
45%
The father of InoInoichi
43%

Score Distribution

Percentile by Number Answered

Percent of People with Each Score

Your Score History

You have not taken this quiz since the last reset